Capitals with the Earliest Sunset during Winter Solstice (Southern) - Statistics

General Stats
  • This quiz has been taken 17 times
  • The average score is 10 of 15
Answer Stats
Sunset Time Capital City % Correct
16:58 Canberra
100%
16:58 Wellington
100%
17:50 Buenos Aires
94%
17:42 Santiago
94%
17:40 Montevideo
88%
17:09 Asuncion
76%
17:44 Cape Town
76%
17:21 Antananarivo
65%
17:19 Maseru
53%
17:39 Port Louis
53%
17:11 Mbabane
47%
17:20 Port Vila
41%
17:39 Suva
41%
17:53 Funafuti
35%
17:36 Gaborone
35%
No matching quizzes found
Score Distribution
Percent of People with Each Score
Percentile by Number Answered
Your Score History
You have not taken this quiz